00777nam a2200253 a 4500001001300000003000900013005001700022008004100039020002600080082001500106100002200121245007700143260003600220300000900256500003500265505001700300650001700317650002100334700002200355902000800377942000700385952011600392999001500508nice12345678IN_TiNIC20260116012252.0050524s1993 newa grp 000 0 eng  a0687369 c747.7400a241.3bPAR aPark, Andrew Sung aWounded Heart of Godb the Asian Concept of Han and the Christian Doctri aNew YorkbAbingdon Press c1993 a202p aincludes index and biblioraphy2 aBibliography aTheology-Sin aSin-Christianity1 aPark, Andrew Sung bSRS cBK 001040708StackRoom-aHMIbHMId2007-06-29g747.74l0o241.3 PARp014926r2007-06-29v747.74w2005-05-24yBK c6320d6320